| 000 | 01799 a2200289 4500 | ||
|---|---|---|---|
| 001 | 106 | ||
| 005 | 20260407155410.0 | ||
| 008 | 260407a2006 arg spa d | ||
| 003 | AR-UNSa-BCEJYS | ||
| 040 |
_aAR-UNSa-BCEJYS _bspa _cAR-UNSa-BCEJYS |
||
| 080 |
_a001.8 _xMetodología. Estudio general del método. Procedimientos científicos y técnicos para el estudio, La investigación y la discusión |
||
| 245 | 1 | 0 | _aMetodología de la investigación contable |
| 020 | _a978-950-29-0971-4 | ||
| 250 | _a1a. ed | ||
| 264 | 1 |
_aBuenos Aires : _bUniversidad de Buenos Aires _c2006 |
|
| 300 |
_a189 p. _c27 cm |
||
| 505 | _a1. Epistemología y contabilidad - 2. Relaciones entre objetivos, hipótesis y metodología - 3. Relación entre objetivos, hipótesis y metodología - 4. Modelización del esquema de investigación en contabilidad - 5. Métodos empiricos, diversas perspectivas - 6. Investigación empírica en contabilidad - 7. La matemática y la contabilidad. Un debate abierto - 8. Conceptos de matemática razonablemente necesarios para la investigación contable - 9. El método deductivo en contabilidad: su aplicación a la contabilidad microsocial - 10. Herramientas matemáticas innovadoras para el estudio del equilibrio en la empresa - 11. La investigación empírica:La calidad en los servicios de pasajeros - 12. Vinculación de los trabajos presentados. | ||
| 041 | _aspa | ||
| 942 | _cBK | ||
| 590 | _aniveau_biblio:m niveau_hierar:0 | ||
| 100 | 1 | _aGarcía Casella, Carlos Luis | |
| 700 | 1 | _aScarano, Eduardo R | |
| 700 | 1 | _aGilli, Juan José | |
| 700 | 1 | _aVázquez, Roberto | |
| 700 | 1 | _aBongianino de Salgado, Claudia A | |
| 856 | 4 | 1 |
_uhttps://biblioeco.unsa.edu.ar/pmb/images/libros/Metodologia de la investigacion contable2-l117918.jpg _yImagen de portada _qimage/jpeg |
| 999 |
_c81 _d81 |
||